1100 1502 1540 1338 1334 1205 1966 1694 1248 1949 1535 1735 1665 1155 1241 1298 1208 1399 1103 1005 1975 1448 1400 1658 1516 1338 1215 1271 1636 1933 1609 1218 1030 1566 1354 1572 1784 1268 1162 1833 1534 1729 1243 1630 1427 1755 1793 1853 1590 1958 1991 1273 1551 1958 1469 1391 1962 1752 1120 1082 1945 1582 1811 1561 1854 1345 1048 1619 1160 1312 1367 1632 1824 1533 1766 1490 1453 1447 1508 1665 1527 1207 1629 1175 1403 1419 1191 1098 1434 1959 1247 1910 1522 1965 1364 1392 1640 1466 1425 BCNSPRNW ULIB Ver.6.0+V

เปลี่ยนเป็นภาษาไทย

Change to English
 แสดงรายละเอียดบรรณานุกรม
  กลับหน้าหลัก

Brief Record : Get Marc (ISO 2709) : E-mail record : QR code < ปิดหน้าต่าง
LEADER : 00000nam 2200000uu 4500
001    13399111623
003     ULIB
008    110704s2547||||th 000 0 tha d
020    9749507606
020    9789749507605
060 04 QV77.2^bม456ค 2547
100 0  มาโนช หล่อตระกูล
245 10 คู่มือการใช้ยาทางจิตเวช /^cมาโนช หล่อตระกูล
250    พิมพ์ครั้งที่ 2
260    กรุงเทพฯ :^bหมอชาวบ้าน,^c2547
300    172 หน้า ;^c21 ซม.
650  7 ยารักษาทางระบบประสาทและจิต
650  7 จิตเภสัชวิทยา
945    ^p150^l0^i24213
995    กัณชพร
999    ^aใช้งานได้ทุกระบบ
รายการนี้ยังไม่มีแท็ก
คุณยังไม่ได้ล็อกอิน คุณสามารถมีกิจกรรมร่วมกับเว็บไซต์ได้ แต่ต้องล็อกอินก่อน ::
  ล็อกอิน

รายการสื่อสารสนเทศ

ลำดับที่ ประเภท เลขเรียก/บาร์โค้ด สถานที่ สถานะ
- ไม่พบข้อมูล -

รายการใกล้เคียง
    ผู้แต่ง [มาโนช หล่อตระกูล]

    หัวเรื่อง [ยารักษาทางระบบประสาทและจิต]
    หัวเรื่อง [จิตเภสัชวิทยา]

BibComment


ยังไม่เคยถูกคอมเมนท์

คอมเมนท์ทรัพยากรรายการนี้
  คอมเมนท์: คู่มือการใช้ยาทาง..


 Copyright 2026. Bcnsprnw @Library